"Good Luck Charlie" characters - Statistics

General Stats
  • This quiz has been taken 246 times
  • The average score is 9 of 15
Answer Stats
Hint Answer % Correct
Charlie
96%
Teddy
94%
Amy
91%
Bob
91%
Gabe
89%
PJ
89%
Toby
82%
Ivy
79%
Spencer
71%
Emmett
53%
Skyler
34%
Debbie
27%
Mary Lou
11%
Sam
2%
Mrs Estelle Dabney
1%
No matching quizzes found
Score Distribution
Percent of People with Each Score
Percentile by Number Answered
Your Score History
You have not taken this quiz